000 00348cam a2200145ua 4500
041 _aeng
_h
082 _a928.23
_bMAU/CH
100 _aMaurois, Andre .
245 _aChateaubriand /
_cAndre Maurois.
_hTextual Documents
260 _aLondon :
_bThe Bodley Head ,
_c1958.
300 _a360 ; .
504 _a
942 _cBK
999 _c1268
_d1268